000 00369nam a2200145Ia 4500
008 230312s9999||||xx |||||||||||||| ||und||
020 _a0-8637-2322-3
082 _a720.19
_bSAD-T
100 _aSadgrove; P.C
245 0 _aEgyptian Theatre in the Nineteenth Century
260 _bIthaca Press
_aLebanon
_c2007
300 _a214
650 _aArchitecture
942 _cBK
999 _c11585
_d11585